Meneropong suatu aspek dari perimbangan kekuatan politik baru: (Record no. 88206)

MARC details
000 -LEADER
fixed length control field 00730cam a22002291 4500
001 - CONTROL NUMBER
control field sa 68018156
003 - CONTROL NUMBER IDENTIFIER
control field DLC
005 - DATE AND TIME OF LATEST TRANSACTION
control field 20260227112709.0
008 - FIXED-LENGTH DATA ELEMENTS--GENERAL INFORMATION
fixed length control field 721122s1966 xx 000 0 ind
010 ## - LIBRARY OF CONGRESS CONTROL NUMBER
LC control number sa 68018156
035 ## - SYSTEM CONTROL NUMBER
System control number (OCoLC)500638
040 ## - CATALOGING SOURCE
Original cataloging agency DLC
Transcribing agency OAU
Modifying agency DLC
042 ## - AUTHENTICATION CODE
Authentication code premarc
050 00 - LIBRARY OF CONGRESS CALL NUMBER
Classification number JQ766.C5
Item number S33
100 1# - MAIN ENTRY--PERSONAL NAME
Personal name Sadli, Mohammad.
245 10 - TITLE STATEMENT
Title Meneropong suatu aspek dari perimbangan kekuatan politik baru:
Remainder of title hubungan militer-sipil.
260 ## - PUBLICATION, DISTRIBUTION, ETC.
Place of publication, distribution, etc. Djakarta,
Name of publisher, distributor, etc. Lembaga Ekonomi dan Kemasjarakatan Nasional,
Date of publication, distribution, etc. 1966.
300 ## - PHYSICAL DESCRIPTION
Extent 16 l.
Dimensions 27 cm.
500 ## - GENERAL NOTE
General note Cover title.
650 #0 - SUBJECT ADDED ENTRY--TOPICAL TERM
Topical term or geographic name entry element Civil supremacy over the military
Geographic subdivision Indonesia.
710 1# - ADDED ENTRY--CORPORATE NAME
Corporate name or jurisdiction name as entry element Djakarta.
Subordinate unit Lembaga Ekonomi dan Kemasjarakatan Nasional.

No items available.

Powered by Koha